000 00954nam a2200229 a 4500
001 56174
003 BD-RjUL
005 20211209080349.0
008 161127s1958 ii ||||| |||| 00| 0 ben d
035 _a(BD-RjUL)56298
040 _aBD-RjUL
_bben
_cBD-RjUL
_dBD-RjUL
041 _aben
082 _223
_a891.442
_bGHB 1953
100 _aঘোষ, গিরিশচন্দ্র
_9119187
245 1 0 _aবিল্বমঙ্গল ঠাকুর :
_b(প্রেম ও বৈরাগ্যমুলক নাটক) /
_cগিরিশচন্দ্র ঘোষ
250 _aঅভিনব সং.
260 _aকলিকাতা :
_bগুরুদাস চট্টোপাধ্যায় এন্ড সন্স,
_c১৯৫৩ (১৩৬০)
300 _a১০৪ পৃ. :
_bচিত্র ;
_c১৯ সেমি.
650 _aবাংলা নাটক
_9167154
650 _aBengali Drama
_9167155
942 _2ddc
_cBK
999 _c56174
_d56174